000 00381nam a2200145Ia 4500
008 100122s9999 xx 000 0 und d
082 _b56190
_a822
100 _aलेखक शोधणे
245 _aअंबा
260 _bमॅजेस्टिक प्रकाशन
_c1998
300 _a60
630 _aअंबा
730 _aअंबा
942 _cBOOK
999 _c432679
_d432676